000
003310000a22001570004500
001
002099
003
MACL
040
_a
MACL
090
_c
14092
_d
14091
100
_a
Bali, H.N.
245
_a
Hinduism At the Crossroads
_c
H.N. Bali
260
_a
Om Publication,
_c
2001
350
_a
300
650
_a
Religion
942
_k
295
_c
Book
999
_c
14015
_d
14015